UBT Library

The old rules of marketing are dead : (Record no. 652)

000 -LEADER
fixed length control field 00558nam a22001817a 4500
005 - DATE AND TIME OF LATEST TRANSACTION
control field 20151002102437.0
008 - FIXED-LENGTH DATA ELEMENTS--GENERAL INFORMATION
fixed length control field 101118s2011 nyu b 001 0 eng
020 ## - INTERNATIONAL STANDARD BOOK NUMBER
International Standard Book Number 9780071788229
041 0# - LANGUAGE CODE
Language code of text/sound track or separate title eng
080 ## - UNIVERSAL DECIMAL CLASSIFICATION NUMBER
Universal Decimal Classification number 339.138
100 1# - Rafti
Rafti Pearson, Timothy R.
245 14 - TITLE STATEMENT
Title The old rules of marketing are dead :
Statement of responsibility, etc Timothy R. Pearson.
260 ## -
-- New York :
-- McGraw-Hill,
-- 2011.
300 ## -
-- 240 f. ;
-- 24 cm.
505 ## -
-- Index: f. 233 - 240
650 #0 -
-- Marketing
942 ## - ADDED ENTRY ELEMENTS (KOHA)
Source of classification or shelving scheme
Item type Books
Holdings
Withdrawn status Lost status Source of classification or shelving scheme Damaged status Not for loan Collection code Permanent location Current location Shelving location Date acquired Total Checkouts Full call number Barcode Date last seen Koha item type Price effective from
          Koleksioni i përgjithshem UBT - Lipjan UBT - Lipjan Koleksioni i përgjithshem 03/31/2015   339.138 PEA 002-008472 03/31/2015 Books  
          Koleksioni i përgjithshem UBT - Lipjan UBT - Lipjan Koleksioni i përgjithshem 10/12/2015   339.138 PEA 002-008289 10/12/2015 Books 10/12/2015
          Koleksioni i përgjithshem UBT - Lipjan UBT - Lipjan Koleksioni i përgjithshem 10/12/2015   339.138 PEA 002-008288 10/12/2015 Books 10/12/2015
          Koleksioni i përgjithshem UBT - Lipjan UBT - Lipjan Koleksioni i përgjithshem 10/12/2015   339.138 PEA 002-008287 10/12/2015 Books 10/12/2015
          Koleksioni i përgjithshem UBT - Lipjan UBT - Lipjan Koleksioni i përgjithshem 10/12/2015   339.138 PEA 002-008294 10/12/2015 Books 10/12/2015
          Koleksioni i përgjithshem UBT - Lipjan UBT - Lipjan Koleksioni i përgjithshem 10/12/2015   339.138 PEA 002-008293 10/12/2015 Books 10/12/2015
          Koleksioni i përgjithshem UBT - Lipjan UBT - Lipjan Koleksioni i përgjithshem 10/12/2015   339.138 PEA 002-008292 10/12/2015 Books 10/12/2015
          Koleksioni i përgjithshem UBT - Lipjan UBT - Lipjan Koleksioni i përgjithshem 12/08/2015   339.138 PEA 002-008763 12/08/2015 Books 12/08/2015
          Koleksioni i përgjithshem UBT - Prishtine UBT - Prishtine Koleksioni i përgjithshem 05/27/2015   339.138 PEA   05/27/2015 Books 05/27/2015
UBT Library © 2015-2024. All rights reserved University Education for Business and Technology